[Event "7th Neckar Open"]
[Site "Deizisau GER"]
[Date "2003.04.21"]
[EventDate "2003.04.17"]
[Round "9"]
[Result "1-0"]
[White "Viacheslav Ikonnikov"]
[Black "Marie Sebag"]
[WhiteElo "2546"]
[BlackElo "2394"]
[PlyCount "79"]

1.d4 d5 2.Nf3 Nf6 3.c4 c6 4.Qb3 e6 5.Bg5 Nbd7 6.e3 Be7 7.Nc3
O-O 8.Rd1 a6 9.cxd5 cxd5 10.Bd3 b5 11.O-O Bb7 12.a4 b4 13.Ne2
a5 14.Rc1 Ba6 15.Bxa6 Rxa6 16.Rc2 Bd6 17.Qd3 Qa8 18.Rfc1 Rb6
19.b3 Ne4 20.Bf4 Bxf4 21.exf4 Rbb8 22.Ne5 Nxe5 23.fxe5 h6
24.h4 Rfd8 25.f3 Nc3 26.Nxc3 bxc3 27.Rxc3 Rb4 28. Rc5 Rdb8
29.R1c3 h5 30.Rc7 Rf8 31.Qc2 g6 32.Rxf7 Rxf7 33.Rc8+ Qxc8
34. Qxc8+ Kg7 35.Qxe6 Rxd4 36.Qd6 Rdf4 37.e6 R7f6 38.e7 Kf7
39.e8=Q+ Kxe8 40. Qe5+ 1-0

[Event "EU-ch 4th, Women"]
[Site "Istanbul, Turkey"]
[Date "2003.06.03"]
[EventDate "2003.06.02"]
[Round "2"]
[Result "0-1"]
[White "Eugenia Chasovnikova"]
[Black "Marie Sebag"]
[WhiteElo "2319"]
[BlackElo "2394"]
[PlyCount "32"]

1. d4 d5 2. c4 c6 3. Nf3 Nf6 4. e3 Bf5 5. Nc3 e6 6. Qb3 Qb6
7. c5 Qc7 8. Nh4 Be4 9. f3 Bg6 10. Bd2 Nbd7 11. g3 Be7
12. Nxg6 hxg6 13. Bd3 b6 14. cxb6 axb6 15. Rc1 O-O 16. Kf2 Qa7
0-1

[Event "EU-ch 4th, Women"]
[Site "Istanbul, Turkey"]
[Date "2003.06.04"]
[EventDate "2003.06.02"]
[Round "3"]
[Result "1-0"]
[White "Marie Sebag"]
[Black "Corina-Isabela Peptan"]
[WhiteElo "2394"]
[BlackElo "2471"]
[PlyCount "63"]

1. e4 c5 2. c3 d5 3. exd5 Qxd5 4. d4 e6 5. Nf3 Nf6 6. Be2 cxd4
7. cxd4 Nc6 8. O-O Be7 9. Nc3 Qd6 10. Nb5 Qd8 11. Bf4 Nd5
12. Bg3 a6 13. Nc3 O-O 14. Rc1 Nxc3 15. bxc3 Bd6 16. Bxd6 Qxd6
17. Bd3 g6 18. Re1 Bd7 19. Qd2 Rfe8 20. Qh6 Qf8 21. Qf4 Rad8
22. Ng5 Bc8 23. Qh4 Qg7 24. Ne4 Kh8 25. Nf6 Re7 26. f4 Rc7
27. d5 Re7 28. dxc6 Rxd3 29. Nxh7 Qxh7 30. Qxe7 bxc6 31. Rcd1
Rd5 32. c4 1-0

[Event "EU-ch 4th, Women"]
[Site "Istanbul, Turkey"]
[Date "2003.06.05"]
[EventDate "2003.06.02"]
[Round "4"]
[Result "1-0"]
[White "Pia Cramling"]
[Black "Marie Sebag"]
[WhiteElo "2470"]
[BlackElo "2394"]
[PlyCount "105"]

1. d4 d5 2. Nf3 Nf6 3. c4 c6 4. Nc3 a6 5. cxd5 cxd5 6. Bg5 Nc6
7. e3 Bg4 8. Be2 e6 9. Ne5 Bxe2 10. Qxe2 Rc8 11. O-O Be7
12. Rac1 Nd7 13. Bxe7 Nxe7 14. Nxd7 Qxd7 15. b3 O-O 16. Na4
Rc6 17. Rc5 Rfc8 18. Rfc1 h6 19. g3 Qd8 20. b4 b5 21. Nb2 Rxc5
22. bxc5 Nc6 23. Nd3 Rb8 24. f4 Qa5 25. Ne5 Qc7 26. Rb1 Nxe5
27. fxe5 Qc8 28. Qd2 Qc7 29. Qd3 Qc8 30. Qc3 Qc6 31. Qa5 Rb7
32. Qd8+ Kh7 33. Qd6 Qc7 34. Qxc7 Rxc7 35. Kf2 Kg8 36. Ke2 Kf8
37. Kd3 Ke7 38. a4 Rb7 39. axb5 axb5 40. Kc3 Kd7 41. Ra1 h5
42. Kb4 g6 43. Ra8 Kc7 44. Ra6 Kd8 45. c6 Rb8 46. Ra7 Ke8
47. h4 Rc8 48. Kxb5 Rb8+ 49. Kc5 Rc8 50. Kd6 Rd8+ 51. Kc7 Ke7
52. Kb7 Re8 53. Ra8 1-0

[Event "EU-ch 4th, Women"]
[Site "Istanbul, Turkey"]
[Date "2003.06.07"]
[EventDate "2003.06.02"]
[Round "5"]
[Result "1-0"]
[White "Marie Sebag"]
[Black "Iweta Radziewicz Rajlich"]
[WhiteElo "2394"]
[BlackElo "2428"]
[PlyCount "49"]

1. e4 g6 2. d4 Bg7 3. Nf3 d6 4. Be2 Nf6 5. Nc3 a6 6. O-O b5
7. e5 Nfd7 8. e6 fxe6 9. Ng5 Nf8 10. Bg4 Bf6 11. Re1 Nc6
12. Qf3 Bxg5 13. Bxg5 Bd7 14. Rad1 h6 15. Bh4 Qc8 16. Ne4 Rh7
17. Bg3 Nb4 18. d5 Rf7 19. Qc3 Nxd5 20. Rxd5 exd5 21. Nf6+ Kd8
22. Nxd7 e6 23. Nxf8 Rxf8 24. Bxe6 Qb7 25. Qg7 1-0

[Event "EU-ch 4th, Women"]
[Site "Istanbul, Turkey"]
[Date "2003.06.11"]
[EventDate "2003.06.02"]
[Round "8"]
[Result "0-1"]
[White "Anna Sharevich"]
[Black "Marie Sebag"]
[WhiteElo "2252"]
[BlackElo "2394"]
[PlyCount "88"]

1. d4 d5 2. Nf3 Nf6 3. c4 c6 4. Nc3 a6 5. a4 e6 6. g3 Bb4
7. Bg2 Nbd7 8. O-O O-O 9. Nd2 a5 10. e4 dxc4 11. Nxc4 b6
12. Ne3 Ba6 13. Re1 e5 14. Nc2 exd4 15. Nxb4 axb4 16. Na2 c5
17. e5 Ne8 18. Bg5 Qxg5 19. Bxa8 Nxe5 20. Be4 Ng6 21. Nc1 Nf6
22. Bg2 d3 23. Nxd3 Rd8 24. Qc1 Qf5 25. Nf4 c4 26. Nxg6 hxg6
27. Qe3 Qa5 28. Bf1 Bb7 29. Bxc4 Qh5 30. Bxf7+ Kh7 31. h4 Rf8
32. Be6 Ne4 33. f4 Rd8 34. Bc4 Nd2 35. Bf1 Qd5 36. Kf2 Nxf1
37. Rxf1 Qg2+ 38. Ke1 Ba6 39. Rg1 Qxb2 40. Rd1 Rxd1+ 41. Kxd1
b3 42. Ke1 Qb1+ 43. Kf2 Qc2+ 44. Kf3 Bb7+ 0-1

[Event "EU-ch 4th, Women"]
[Site "Istanbul, Turkey"]
[Date "2003.06.12"]
[EventDate "2003.06.02"]
[Round "9"]
[Result "1-0"]
[White "Marie Sebag"]
[Black "Ekaterina Kovalevskaya"]
[WhiteElo "2394"]
[BlackElo "2447"]
[PlyCount "117"]

1. e4 c5 2. c3 d5 3. exd5 Qxd5 4. d4 e6 5. Na3 cxd4 6. Nb5 Na6
7. Qxd4 Qxd4 8. Nxd4 Bd7 9. Ngf3 Bd6 10. Be3 Ne7 11. O-O-O Bb8
12. Nb3 Nd5 13. Bd4 f6 14. g3 Nac7 15. Bg2 a5 16. Rhe1 Bc8
17. Nh4 Kf7 18. f4 Ne7 19. Bc5 Re8 20. Nd2 Na6 21. Ba3 Nd5
22. Nc4 Ne7 23. Bxe7 Kxe7 24. Nd6 Nc5 25. Nhf5+ Kf8 26. Nxe8
Kxe8 27. Nd6+ Bxd6 28. Rxd6 Ra6 29. Rd5 Rc6 30. Rd4 Rc7
31. Red1 Bd7 32. b3 Ke7 33. Kb2 b5 34. Rd6 e5 35. fxe5 fxe5
36. R6d5 Bg4 37. Re1 Kf6 38. Bf1 e4 39. Bxb5 Bf3 40. Bc4 a4
41. Rd4 axb3 42. axb3 Re7 43. Rd6+ Kf5 44. Rd5+ Re5 45. Rd4
Kf6 46. b4 Nb7 47. Ba6 Re7 48. Bxb7 Rxb7 49. Rexe4 Bxe4
50. Rxe4 g5 51. Kb3 Kf5 52. Re2 Kg4 53. c4 Kf3 54. Rc2 Ke4
55. c5 Kd5 56. Rd2+ Kc6 57. Kc4 Re7 58. b5+ Kb7 59. b6 1-0

[Event "EU-ch 4th, Women"]
[Site "Istanbul, Turkey"]
[Date "2003.06.13"]
[EventDate "2003.06.02"]
[Round "10"]
[Result "0-1"]
[White "Almira Skripchenko"]
[Black "Marie Sebag"]
[WhiteElo "2501"]
[BlackElo "2394"]
[PlyCount "80"]

1. d4 d5 2. c4 c6 3. Nf3 Nf6 4. Nc3 a6 5. e3 b5 6. b3 Bg4
7. Be2 Nbd7 8. h3 Bh5 9. Ne5 Bxe2 10. Nxe2 e6 11. O-O Nxe5
12. dxe5 Nd7 13. cxd5 cxd5 14. Bb2 Bc5 15. Nf4 O-O 16. Qg4 Re8
17. Rfd1 Nf8 18. e4 d4 19. Ne2 Ng6 20. Qg3 Re7 21. Rac1 Rc8
22. Rd3 Rd7 23. f4 Be7 24. f5 Rxc1+ 25. Bxc1 Bh4 26. Qh2 Qa5
27. Bd2 Qxa2 28. fxg6 Qc2 29. Qf4 Qxd3 30. Qxh4 hxg6 31. Qe1
Qxb3 32. h4 d3 33. Ng3 Qb2 34. h5 gxh5 35. Nxh5 Qxe5 36. Qh4
b4 37. Bf4 Qd4+ 38. Kh2 d2 39. Bxd2 Qxd2 40. e5 Qe3 0-1

[Event "EU-ch 4th, Women"]
[Site "Istanbul, Turkey"]
[Date "2003.06.14"]
[EventDate "2003.06.02"]
[Round "11"]
[Result "1/2-1/2"]
[White "Marie Sebag"]
[Black "Viktorija Cmilyte"]
[WhiteElo "2394"]
[BlackElo "2430"]
[PlyCount "106"]

1. e4 c5 2. Nf3 Nc6 3. c3 Nf6 4. e5 Nd5 5. d4 cxd4 6. Bc4 Nb6
7. Bb3 d6 8. exd6 Qxd6 9. O-O Be6 10. Bxe6 Qxe6 11. Nxd4 Nxd4
12. Qxd4 Rd8 13. Qh4 Qe2 14. Bd2 h5 15. h3 Nc4 16. Re1 Qd3
17. Bc1 e6 18. b3 Ne5 19. Be3 Be7 20. Qg3 Bf6 21. Nd2 O-O
22. Rad1 Qf5 23. Bd4 Ng6 24. Bxf6 Qxf6 25. Ne4 Qf4 26. Qxf4
Nxf4 27. g3 Nd5 28. c4 Nb4 29. Nc5 b6 30. Nd7 Rfe8 31. a3 Nc6
32. Rd6 Na5 33. Red1 Rc8 34. Ne5 f6 35. Ng6 Kf7 36. Nf4 Nxb3
37. Nxh5 Nc5 38. Nf4 Re7 39. Ng2 Nb7 40. R6d4 e5 41. Re4 Rc6
42. Ne3 Nd6 43. Rh4 Re8 44. Kg2 Rec8 45. Rd2 R8c7 46. Rd1 Rc8
47. Rd2 Ke6 48. Rh7 Rg8 49. Rh4 Rgc8 50. Rh7 Rg8 51. Rh4 Rc7
52. f4 Rgc8 53. fxe5 Nxc4 1/2-1/2

[Event "32nd TCh-GRE"]
[Site "Kallithea Chalkidiki GRE"]
[Date "2003.07.05"]
[EventDate "2003.07.04"]
[Round "2"]
[Result "1-0"]
[White "Marie Sebag"]
[Black "Pavlos Efstathopoulos"]
[WhiteElo "2432"]
[BlackElo "2048"]
[PlyCount "77"]

1.e4 c5 2.Nf3 d6 3.d4 cxd4 4.Nxd4 e5 5.Bb5+ Nd7 6.Nf5 a6
7.Bxd7+ Qxd7 8. Nc3 Nf6 9.O-O Qc6 10.Ne3 Nxe4 11.Nxe4 Qxe4
12.Nd5 Rb8 13.f4 Qc4 14.b3 Qc6 15.Bb2 Be6 16.c4 f6 17.Kh1 Bxd5
18.cxd5 Qd7 19.Rc1 Rc8 20.Rxc8+ Qxc8 21. Rf3 Qd8 22.Rc3 Be7
23.Qh5+ g6 24.Qh6 Bf8 25.Qh3 Qd7 26.Rc8+ Ke7 27.Qc3 Qb5
28.Qc7+ Qd7 29.Qb8 Kf7 30.Rc7 Be7 31.Qxb7 Qd8 32.Rd7 Qe8
33.fxe5 fxe5 34. Bxe5 dxe5 35.d6 Qc8 36.Rxe7+ Kf6 37.Rf7+ Kg5
38.h4+ Kh6 39.Rxh7+ 1-0

[Event "32nd TCh-GRE"]
[Site "Kallithea Chalkidiki GRE"]
[Date "2003.07.07"]
[EventDate "2003.07.04"]
[Round "4"]
[Result "1-0"]
[White "Marie Sebag"]
[Black "Vera Papadopoulou"]
[WhiteElo "2432"]
[BlackElo "2211"]
[PlyCount "153"]

1.e4 c5 2.c3 Nf6 3.e5 Nd5 4.d4 cxd4 5.Nf3 d6 6.Qxd4 e6 7.exd6
Qxd6 8.Bb5+ Bd7 9.Bxd7+ Nxd7 10.O-O Qb6 11.Qa4 Qc6 12.Qd4 Qb6
13.Qg4 N7f6 14.Qa4+ Qc6 15.Qxc6+ bxc6 16.c4 Nb4 17.Nc3 Rd8
18.Na4 Bd6 19.a3 Nc2 20.Ra2 Bc7 21.b3 Nd4 22.Nxd4 Rxd4 23.Be3
Rd3 24.Nc5 Rd8 25.Na6 Rd7 26.Nxc7+ Rxc7 27.Rd2 c5 28.Rfd1 O-O
29.f3 h6 30.h4 a5 31.Rd8 Rc8 32.Rxf8+ Kxf8 33.Rd6 Ke8 34.Ra6
Rb8 35.Rxa5 Rxb3 36.Bxc5 Rc3 37.Ra4 e5 38.Ra8+ Kd7 39.Ra7+ Kc6
40.Bf8 Rxc4 41.Rxf7 Rxh4 42.Rxg7 Kb5 43.g4 e4 44.Be7 Rh3
45.Bxf6 Rxf3 46.Be7 e3 47.Bb4 e2 48.Re7 Rg3+ 49.Kf2 Rxg4
50.Kxe2 Rg3 51.Kd2 Rh3 52.Kc2 h5 53.Rh7 Kc4 54. Kd2 Rd3+
55.Ke2 Rd5 56.Rb7 Rb5 57.Rc7+ Kd4 58.Kf3 Rf5+ 59.Kg3 Kd3
60.Kh4 Rd5 61.Be7 Ra5 62.Bc5 Rb5 63.Be7 Ra5 64.Rc8 Kd4 65.Bf6+
Kd5 66.Rc3 Ke6 67. Bg5 Kd5 68.Kxh5 Rc5 69.Rb3 Kc4 70.Rb4+ Kc3
71.Kg6 Rc4 72.Bf6+ Kd3 73.Kf5 Rc5+ 74.Be5 Rc6 75.a4 Rc4
76.Rb3+ Kc2 77.Ra3 1-0

[Event "32nd TCh-GRE"]
[Site "Kallithea Chalkidiki GRE"]
[Date "2003.07.08"]
[EventDate "2003.07.04"]
[Round "5"]
[Result "0-1"]
[White "Fotini Pambalou"]
[Black "Marie Sebag"]
[WhiteElo "2046"]
[BlackElo "2432"]
[PlyCount "86"]

1.e4 c5 2.b3 d6 3.Bb2 Nc6 4.Bb5 Bd7 5.f4 a6 6.Bxc6 Bxc6 7.d3
e6 8.Nf3 Nf6 9.O-O Be7 10.Nbd2 O-O 11.Qe1 Nh5 12.Qe3 f5 13.g3
Kh8 14.Rae1 Re8 15.c4 b5 16.Qe2 h6 17.Ba1 Bd7 18.Nh4 Bxh4
19.Qxh5 Bf6 20.exf5 Bxa1 21.Rxa1 exf5 22. Qf7 Be6 23.Qh5 Qf6
24.Nf3 Bd7 25.Rae1 Bc6 26.Rxe8+ Rxe8 27.Re1 Rf8 28.Re2 Qc3
29.Ne1 a5 30.cxb5 Qd4+ 31.Kf1 Bxb5 32.Qf3 a4 33.bxa4 Bxa4
34.Qb7 Bd1 35.Re7 Bg4 36.a3 Bh3+ 37.Ke2 c4 38.dxc4 Qxc4+
39.Kd2 Bf1 40.Re3 Rc8 41.Qb1 Qd4+ 42.Nd3 Bxd3 43.Re8+ Rxe8 0-1

[Event "32nd TCh-GRE"]
[Site "Kallithea Chalkidiki GRE"]
[Date "2003.07.11"]
[EventDate "2003.07.04"]
[Round "9"]
[Result "1-0"]
[White "Marie Sebag"]
[Black "Georgios Tzolas"]
[WhiteElo "2432"]
[BlackElo "2157"]
[PlyCount "70"]

1.e4 e5 2.Nf3 Nc6 3.Bc4 Nf6 4.d3 Be7 5.O-O O-O 6.Re1 d6 7.a4
Be6 8.Nbd2 Qd7 9.a5 a6 10.c3 h6 11.Bb3 Bg4 12.h3 Bh5 13.Nf1
Nh7 14.Ng3 Bg6 15.d4 exd4 16.cxd4 Bf6 17.Ba4 d5 18.e5 Be7
19.e6 fxe6 20.Ne5 Qe8 21.Nxc6 bxc6 22.Rxe6 Qf7 23.Qe2 Bd6
24.Bxc6 Nf6 25.Bxa8 Rxa8 26.Re3 Bf4 27.Rf3 Re8 28.Be3 Bd6
29.Qxa6 Qe6 30.Bf4 Be4 31.Re1 Qf7 32.Bxd6 Bxf3 33.Rxe8+ Qxe8
34.Be5 Bd1 35.Qb7 Qe7 1-0

[Event "Open"]
[Site "Ikaros GRE"]
[Date "2003.07.15"]
[EventDate "2003.07.12"]
[Round "4"]
[Result "0-1"]
[White "Ioannis Koukoufikis"]
[Black "Marie Sebag"]
[WhiteElo "2038"]
[BlackElo "2432"]
[PlyCount "52"]

1.e4 d5 2.exd5 Qxd5 3.Nc3 Qa5 4.d4 Nf6 5.Bc4 c6 6.Nf3 Bf5
7.O-O e6 8.Re1 Be7 9.Bd2 Qc7 10.Ne2 O-O 11.Ng3 Bg6 12.Ne5 c5
13.Bf4 Qb6 14.Nxg6 hxg6 15. d5 exd5 16.Rxe7 dxc4 17.Ne4 Nc6
18.Nxf6+ gxf6 19.Re4 Qxb2 20.Rxc4 Rfd8 21. Qe1 Rd4 22.Rb1 Qxa2
23.Rxc5 Rxf4 24.Rxb7 Re4 25.Qf1 Rae8 26.Rb1 Qxb1 0-1

[Event "Open"]
[Site "Ikaros GRE"]
[Date "2003.07.16"]
[EventDate "2003.07.12"]
[Round "5"]
[Result "1/2-1/2"]
[White "Marie Sebag"]
[Black "Ioannis Simeonidis"]
[WhiteElo "2432"]
[BlackElo "2283"]
[PlyCount "89"]

1.e4 c6 2.d4 d5 3.exd5 cxd5 4.c4 Nf6 5.Nc3 e6 6.Nf3 Bb4 7.Bd3
dxc4 8.Bxc4 O-O 9.O-O b6 10.Bg5 Bb7 11.Re1 Nbd7 12.Rc1 Bxc3
13.Rxc3 Qb8 14.Ne5 Nxe5 15.Rxe5 Ne4 16.Rh3 Nxg5 17.Rxg5 Qf4
18.Rg4 Qf6 19.Bd3 g6 20.Rgh4 Rac8 21. Qd2 h5 22.Rf4 Qg7 23.Rg3
f5 24.h4 Kh7 25.Be2 Qc7 26.Rc3 Qd6 27.Qe3 Rxc3 28.bxc3 Re8
29.Bf3 Ba6 30.d5 Bb5 31.dxe6 Rxe6 32.Qc1 Qe7 33.Kh2 Re1 34.Qd2
Qe5 35.g3 Rf1 36.Rb4 Ra1 37.Qb2 Qe1 38.Rxb5 Qg1+ 39.Kh3 Rf1
40.Qb3 Rxf2 41.Qf7+ Kh6 42.Qf8+ Kh7 43.Qe7+ Kh6 44.Qe3+ Kh7
45.Qe7+ 1/2-1/2

[Event "Open"]
[Site "Ikaros GRE"]
[Date "2003.07.18"]
[EventDate "2003.07.12"]
[Round "7"]
[Result "1-0"]
[White "Marie Sebag"]
[Black "Georgios Valellis"]
[WhiteElo "2432"]
[BlackElo "2155"]
[PlyCount "93"]

1.e4 c5 2.c3 e6 3.d4 d5 4.exd5 exd5 5.Nf3 Nc6 6.Bb5 Bd6 7.O-O
Ne7 8.dxc5 Bxc5 9.Nbd2 O-O 10.Nb3 Bd6 11.Re1 Bg4 12.h3 Bh5
13.Be3 Rc8 14.Be2 Bb8 15. Nfd4 Bg6 16.Bg4 Qc7 17.g3 Rce8
18.Bf4 Qb6 19.Nxc6 Nxc6 20.Rxe8 Rxe8 21. Bxb8 Rxb8 22.Qxd5 Rd8
23.Qc5 Qa6 24.Qe3 h6 25.Nc5 Qb6 26.b4 Qc7 27.Bf3 b6 28.Ne6
fxe6 29.Qxe6+ Bf7 30.Qxc6 Qxc6 31.Bxc6 Rd2 32.a4 Rc2 33.Ra3
Bc4 34. a5 b5 35.a6 Rc1+ 36.Kh2 g5 37.Ra5 Bd3 38.f3 Rc2+
39.Kg1 Rxc3 40.Bxb5 Bxb5 41.Rxb5 Rxf3 42.Rb7 Rxg3+ 43.Kh2 Rb3
44.Rxa7 Rb2+ 45.Kg1 Rb1+ 46.Kf2 Rb2+ 47.Ke1 1-0

[Event "Open"]
[Site "Ikaros GRE"]
[Date "2003.07.19"]
[EventDate "2003.07.12"]
[Round "8"]
[Result "1-0"]
[White "Robert Fontaine"]
[Black "Marie Sebag"]
[WhiteElo "2541"]
[BlackElo "2432"]
[PlyCount "73"]

1.e4 e5 2.Nf3 Nc6 3.Bb5 a6 4.Ba4 Nf6 5.O-O b5 6.Bb3 Bc5 7.a4
Bb7 8.d3 O-O 9.Nc3 b4 10.Nd5 h6 11.Be3 d6 12.Nxf6+ Qxf6
13.Bxc5 dxc5 14.Bd5 Rab8 15. Bxc6 Bxc6 16.Nd2 Bd7 17.Qh5 Rfe8
18.Nb3 Qd6 19.f4 Be6 20.fxe5 Qd7 21.Na5 Qd4+ 22.Rf2 Qxb2
23.Raf1 Rf8 24.Nc6 Rbe8 25.h3 b3 26.cxb3 Qxb3 27.Rf3 Qxa4
28.Rg3 Kh7 29.Na7 Ra8 30.Kh2 Rxa7 31.Rf6 Rh8 32.Rxe6 Qd7
33.Qf5+ Kg8 34. Rxg7+ Kf8 35.Rxf7+ Qxf7 36.Rf6 c6 37.e6 1-0

[Event "Open"]
[Site "Ikaros GRE"]
[Date "2003.07.20"]
[EventDate "2003.07.12"]
[Round "9"]
[Result "1-0"]
[White "Marie Sebag"]
[Black "Ilarion Dorfanis"]
[WhiteElo "2432"]
[BlackElo "2156"]
[PlyCount "58"]

1.e4 c5 2.c3 Nf6 3.e5 Nd5 4.d4 cxd4 5.Nf3 Nc6 6.Bc4 Nb6 7.Bb3
d6 8.exd6 Qxd6 9.O-O Be6 10.Na3 a6 11.Bxe6 Qxe6 12.Nxd4 Qd7
13.Qb3 Nxd4 14.Qxb6 Ne2+ 15.Kh1 Nxc1 16.Raxc1 Rc8 17.Rcd1 Qc7
18.Qd4 b5 19.Nc2 h5 20.a4 Rh6 21.axb5 axb5 22.Qd3 Rb6 23.Nd4
Rcb8 24.Rfe1 e6 25.f4 Bc5 26.Qh7 Bxd4 27.Rxd4 b4 28.f5 bxc3
29.fxe6 Kf8 1-0

[Event "1st Malmo Masters"]
[Site "Malmo SWE"]
[Date "2003.07.28"]
[EventDate "2003.07.28"]
[Round "1"]
[Result "1/2-1/2"]
[White "Marie Sebag"]
[Black "Ole Jakobsen"]
[WhiteElo "2432"]
[BlackElo "2381"]
[PlyCount "115"]

1. e4 d6 2. d4 g6 3. Nf3 Bg7 4. Be2 Nf6 5. Nc3 O-O 6. O-O c6
7. h3 Qc7 8. Be3 Nbd7 9. Qd2 b5 10. a3 Bb7 11. Bh6 a6 12. Bxg7
Kxg7 13. Rfe1 e5 14. Rad1 Rfe8 15. Nh4 h6 16. Bf3 Rad8 17. Ne2
Kh7 18. Ng3 Nb6 19. Be2 Qe7 20. Qa5 Qc7 21. dxe5 dxe5 22. c4
Rxd1 23. Rxd1 Nbd5 24. Qxc7 Nxc7 25. Nf3 Kg7 26. b4 Ne6
27. Bf1 Nf4 28. c5 Re7 29. Ra1 Bc8 30. Re1 Ne8 31. Ne2 Nxe2+
32. Bxe2 f6 33. Rd1 Rd7 34. Kf1 Nc7 35. Nd2 Rd4 36. Nb3 Rxd1+
37. Bxd1 Kf7 38. h4 Ke7 39. h5 gxh5 40. Na5 Bd7 41. Bxh5 Ne6
42. Bd1 Nd4 43. Nb3 Ne6 44. Bg4 Ng5 45. Bxd7 Kxd7 46. f3 h5
47. Kg1 h4 48. Kh2 Ke6 49. Kg1 h3 50. Kh2 hxg2 51. Kxg2 Kd7
52. Kg3 Ne6 53. Kg4 Ke7 54. Kg3 Kd7 55. Kh4 Ke7 56. Kg4 Kd7
57. Kg3 Kc7 58. Kg4 1/2-1/2

[Event "1st Malmo Masters"]
[Site "Malmo SWE"]
[Date "2003.07.31"]
[EventDate "2003.07.28"]
[Round "4"]
[Result "1-0"]
[White "Johan Hellsten"]
[Black "Marie Sebag"]
[WhiteElo "2511"]
[BlackElo "2432"]
[PlyCount "109"]

1. d4 d5 2. c4 c6 3. Nf3 Nf6 4. Qb3 dxc4 5. Qxc4 Bf5 6. g3 e6
7. Bg2 Be7 8. O-O O-O 9. Rd1 Nbd7 10. e3 Ne4 11. Qe2 Qa5
12. Nbd2 Rfd8 13. Nh4 Bxh4 14. Nxe4 Be7 15. Nc3 Nf6 16. Bd2
Qb6 17. Be1 Bg6 18. Rac1 Qc7 19. f3 Rac8 20. Bf2 c5 21. dxc5
Rxd1+ 22. Nxd1 b6 23. c6 Bc5 24. a3 a5 25. Qb5 Qd6 26. Qa6 Qd8
27. b4 axb4 28. axb4 Bxb4 29. e4 Nd7 30. Qd3 Nc5 31. Qxd8+
Rxd8 32. Bf1 Rc8 33. Rb1 Ba5 34. Bxc5 bxc5 35. Ba6 Ra8 36. Bb7
Rd8 37. Ra1 Bc7 38. Nc3 Be5 39. Ra8 Rxa8 40. Bxa8 Kf8 41. Nb5
c4 42. Kf1 Ke7 43. f4 Bb8 44. c7 Bxc7 45. Nxc7 Kd6 46. Na6 f6
47. Ke2 Be8 48. Kd2 Bb5 49. Nb4 Kc5 50. Kc3 Kb6 51. e5 fxe5
52. fxe5 Kc5 53. Bf3 Bd7 54. Be2 Bb5 55. Bf1 1-0

[Event "1st Malmo Masters"]
[Site "Malmo SWE"]
[Date "2003.08.01"]
[EventDate "2003.07.28"]
[Round "5"]
[Result "1/2-1/2"]
[White "Marie Sebag"]
[Black "Bjorn Ahlander"]
[WhiteElo "2432"]
[BlackElo "2393"]
[PlyCount "69"]

1. e4 c5 2. c3 d5 3. exd5 Qxd5 4. d4 e6 5. Na3 Bd7 6. Nb5 Bxb5
7. Bxb5+ Nc6 8. Nf3 cxd4 9. Bxc6+ Qxc6 10. Nxd4 Qd7 11. O-O
Nf6 12. Bf4 Be7 13. Re1 Rd8 14. Qb3 O-O 15. Rad1 Qc8 16. Nf5
exf5 17. Rxe7 Rxd1+ 18. Qxd1 Qc4 19. Be5 Ne4 20. Rxb7 Qxa2
21. h3 Qa6 22. Re7 Qb6 23. Qd4 Qxb2 24. Bxg7 Qc1+ 25. Kh2 Rc8
26. Be5 Nd2 27. h4 Nf1+ 28. Kh3 Nd2 29. Bf6 Qh1+ 30. Kg3 Nf1+
31. Kf3 Nh2+ 32. Kg3 Nf1+ 33. Kf3 Nh2+ 34. Kg3 Nf1+ 35. Kf3
1/2-1/2

[Event "1st Malmo Masters"]
[Site "Malmo SWE"]
[Date "2003.08.02"]
[EventDate "2003.07.28"]
[Round "6"]
[Result "1-0"]
[White "Luke McShane"]
[Black "Marie Sebag"]
[WhiteElo "2619"]
[BlackElo "2432"]
[PlyCount "61"]

1. e4 c5 2. Nf3 d6 3. Bc4 Nf6 4. d3 e6 5. Bb3 Be7 6. O-O Nc6
7. c3 O-O 8. Qe2 b5 9. d4 cxd4 10. cxd4 a5 11. e5 dxe5
12. dxe5 Nd7 13. Bc2 Bb7 14. a3 Qc7 15. Bf4 b4 16. Rc1 Rfd8
17. Nbd2 Nc5 18. Qe3 Ba6 19. Bg5 Rac8 20. Ne4 Nxe4 21. Bxe4
Bb7 22. axb4 axb4 23. h4 Qd7 24. Rc4 Bxg5 25. hxg5 Ne7
26. Rxc8 Qxc8 27. Bxb7 Qxb7 28. Ra7 Qd5 29. Rxe7 Rf8 30. Rc7
Qa2 31. Qc5 1-0

[Event "1st Malmo Masters"]
[Site "Malmo SWE"]
[Date "2003.08.04"]
[EventDate "2003.07.28"]
[Round "7"]
[Result "0-1"]
[White "Marie Sebag"]
[Black "Faruk Tairi"]
[WhiteElo "2432"]
[BlackElo "2245"]
[PlyCount "78"]

1. e4 c5 2. c3 Nf6 3. e5 Nd5 4. d4 cxd4 5. Nf3 e6 6. cxd4 b6
7. Nc3 Nxc3 8. bxc3 Qc7 9. Be2 Qxc3+ 10. Bd2 Qa3 11. Rc1 Ba6
12. Rc3 Qxa2 13. Bxa6 Nxa6 14. Ng5 Bb4 15. Nxf7 O-O 16. Rc2
Qd5 17. Nd6 Qxd4 18. O-O Bxd2 19. Rxd2 Qxe5 20. Re1 Qf4 21. g3
Qf3 22. Qxf3 Rxf3 23. Ne4 Rf7 24. Nd6 Rff8 25. Nb7 Rf7 26. Nd6
Re7 27. Nf5 Ree8 28. Nd6 Reb8 29. f4 Nc5 30. f5 Rf8 31. g4 g6
32. Rf1 gxf5 33. gxf5 exf5 34. Nxf5 Kh8 35. Rd5 Rf6 36. Re1
Rg8+ 37. Kh1 Re6 38. Ra1 a6 39. Nd6 Rxd6 0-1

[Event "1st Malmo Masters"]
[Site "Malmo SWE"]
[Date "2003.08.05"]
[EventDate "2003.07.28"]
[Round "8"]
[Result "0-1"]
[White "Marie Sebag"]
[Black "Emanuel Berg"]
[WhiteElo "2432"]
[BlackElo "2495"]
[PlyCount "112"]

1. e4 e6 2. d4 d5 3. Nd2 Nf6 4. e5 Nfd7 5. Bd3 c5 6. c3 Nc6
7. Ne2 cxd4 8. cxd4 f6 9. exf6 Nxf6 10. Nf3 Bd6 11. O-O Qc7
12. Bg5 O-O 13. Bh4 Nh5 14. Qc2 h6 15. Bh7+ Kh8 16. Bg6 Rxf3
17. Bxh5 Rf8 18. Bg3 Bd7 19. Rac1 Rf6 20. Bg6 Bxg3 21. hxg3
Raf8 22. Nf4 Rxf4 23. gxf4 Qxf4 24. Rfd1 Qf6 25. Bd3 Nxd4
26. Qd2 e5 27. Qe3 Bc6 28. Rd2 Ne6 29. f3 Nf4 30. Re1 Qg5
31. Kh2 Qh4+ 32. Kg1 Qg5 33. Kh2 Re8 34. Bb1 Qh4+ 35. Kg1 Qg3
36. Kh1 Qh4+ 37. Kg1 Qg5 38. Kh2 d4 39. Qf2 Qh5+ 40. Kg1 Qg5
41. Kh2 Bxf3 42. Qg3 Qxg3+ 43. Kxg3 Bc6 44. Be4 Bxe4 45. Rxe4
Nh5+ 46. Kf2 Nf6 47. Re1 Kh7 48. Rc2 e4 49. Rc7 d3 50. Rf1 e3+
51. Ke1 e2 52. Rg1 Nd5 53. Rd7 Nb4 54. Kf2 Rf8+ 55. Ke1 Nc2+
56. Kd2 Rf1 0-1

[Event "1st Malmo Masters"]
[Site "Malmo SWE"]
[Date "2003.08.06"]
[EventDate "2003.07.28"]
[Round "9"]
[Result "1/2-1/2"]
[White "Leif Erlend Johannessen"]
[Black "Marie Sebag"]
[WhiteElo "2525"]
[BlackElo "2432"]
[PlyCount "53"]

1. c4 e5 2. Nc3 Nc6 3. Nf3 Nf6 4. g3 Bc5 5. Nxe5 Bxf2+ 6. Kxf2
Nxe5 7. e4 d6 8. d4 Ng6 9. h3 O-O 10. Bg2 Be6 11. b3 c6 12. d5
cxd5 13. exd5 Bd7 14. Qd4 Re8 15. Bb2 Ne5 16. Rhf1 Qc8 17. Kg1
Bxh3 18. Rxf6 Bxg2 19. Kxg2 gxf6 20. Ne4 Ng4 21. Nxf6+ Nxf6
22. Qxf6 Re2+ 23. Kf3 Rxb2 24. Re1 Rh2 25. Qg5+ Kh8 26. Qf6+
Kg8 27. Qg5+ 1/2-1/2

[Event "4th GP du Senat"]
[Site "Paris FRA"]
[Date "2003.09.06"]
[EventDate "2003.09.06"]
[Round "1.1"]
[Result "0-1"]
[White "Laurent Fressinet"]
[Black "Marie Sebag"]
[WhiteElo "2640"]
[BlackElo "2432"]
[PlyCount "100"]

1.d4 d5 2.c4 c6 3.Nc3 Nf6 4.e3 a6 5.Qc2 b5 6.b3 Bg4 7.Nge2
Nbd7 8.h3 Bh5 9.Nf4 Bg6 10.Nxg6 hxg6 11.Bb2 e6 12.Bd3 Bd6
13.c5 Bc7 14.O-O-O e5 15.Kb1 O-O 16.h4 Re8 17.Be2 exd4 18.exd4
Nf8 19.h5 b4 20.Na4 Qe7 21.Bf3 gxh5 22. Bxh5 Nxh5 23.Rxh5 Qe2
24.Rdh1 Qxc2+ 25.Kxc2 Ng6 26.Kd1 f6 27.g3 Re4 28.Re1 Rae8
29.Rhh1 f5 30.Rxe4 Rxe4 31.Re1 Kf7 32.Rxe4 fxe4 33.Ke2 Ne7
34.g4 Ng6 35.Bc1 Nh4 36.Be3 Bd8 37.Nb2 Nf3 38.Nd3 a5 39.g5
Ng1+ 40.Kf1 exd3 41.Kxg1 Kg6 42.f4 Kf5 43.Kf2 Ke4 44.Bd2 g6
45.Kg3 Be7 46.Kg4 Bf8 47.f5 gxf5+ 48. Kh5 Bg7 49.Kg6 Bxd4
50.Kf7 f4 0-1

[Event "4th GP du Senat"]
[Site "Paris FRA"]
[Date "2003.09.06"]
[EventDate "2003.09.06"]
[Round "1.2"]
[Result "1-0"]
[White "Marie Sebag"]
[Black "Laurent Fressinet"]
[WhiteElo "2432"]
[BlackElo "2640"]
[PlyCount "71"]

1.e4 g6 2.d4 Bg7 3.Nc3 d6 4.Nf3 a6 5.Be2 Nd7 6.O-O b5 7.a4 b4
8.Nd5 a5 9. c3 e6 10.Ne3 Bb7 11.cxb4 Bxe4 12.bxa5 Rxa5 13.Nd2
Bb7 14.Bb5 Ne7 15.Nb3 Ra8 16.a5 Ba6 17.Bxa6 Rxa6 18.d5 e5
19.Nc2 Qb8 20.Qd3 Ra8 21.Bg5 f6 22.Bd2 O-O 23.Nb4 f5 24.f3 Nf6
25.Qc4 Kh8 26.Rac1 Rc8 27.Be3 Nfg8 28.Rc2 Bh6 29. Bf2 Nf6
30.a6 e4 31.Bd4 Bg7 32.f4 Ng4 33.h3 Nf6 34.Na5 Rf8 35.a7 Qb7
36. Nxb7 1-0